000 00915nam a2200241Ia 4500
003 OSt
005 20221005113026.0
006 a|||||r|||| 00| 0
007 ta
008 221004b |||||||| |||| 00| 0 pan d
020 _a8171163203 (hbk)
_c200
024 _a106494
037 _b7830/IV/A, 31/01/2011, Arsee Publishers
_cTextual
040 _aCRL
_cCRL
_bpan
041 _2pan
_apan
082 _aQ8441:45H, 153Q0
100 _aਬਰਾੜ, ਕਰਨਲ ਅਵਤਾਰ ਸਿੰਘ
245 0 _aਪੂਰਵ ਜਨਕ ਤਪ ਅਸਥਾਨ ਸ੍ਰੀ ਹੇਮਕੁੰਟ ਸਾਹਿਬ
260 _aਦਿੱਲੀ
_bਨੈਨਲ ਬੁੱਕ ਾਪ ਭਾਰਤ
_c2010
300 _a174ਪੰ
_ccm.
942 _hQ8441:45H, 153Q0
_cTEXL
_2cc
999 _c1026807
_d1026807